LEADER 04150nam 22005655 450 001 9910478889403321 005 20210717010746.0 010 $a0-8232-7634-1 010 $a0-8232-7633-3 024 7 $a10.1515/9780823276332 035 $a(CKB)4340000000214887 035 $a(OCoLC)1003254299 035 $a(MdBmJHUP)muse65205 035 $a(MiAaPQ)EBC5057705 035 $a(DE-B1597)555023 035 $a(DE-B1597)9780823276332 035 $a(EXLCZ)994340000000214887 100 $a20200723h20172017 fg 0 101 0 $aeng 135 $aur|||||||nn|n 181 $ctxt$2rdacontent 182 $cc$2rdamedia 183 $acr$2rdacarrier 200 14$aThe Hawthorn Archive $eLetters from the Utopian Margins /$fAvery F. Gordon 205 $aFirst edition. 210 1$aNew York, NY :$cFordham University Press,$d[2017] 210 4$dİ2017 215 $a1 online resource (pages cm) 311 0 $a0-8232-7632-5 311 0 $a0-8232-7631-7 320 $aIncludes bibliographical references and index. 327 $tFront matter --$tA Note about the Archive --$tContents --$tIntroduction --$tI. The scandal of the qualitative difference --$tII. A means of preparation --$tIII. The exile of our longing --$tIV. Perception of the subjectivity of the so-called object --$tAcknowledgments --$tImages and Items --$tNotes --$tBibliography --$tIndex 330 $aThe Hawthorn Archive, named after the richly fabled tree, has long welcomed the participants in the various Euro-American social struggles against slavery, racial capitalism, imperialism, and authoritarian forms of order. The Archive is not a library or a research collection in the conventional sense but rather a disorganized and fugitive space for the development of a political consciousness of being indifferent to the deadly forms of power that characterize our society. Housed by the Archive are autonomous radicals, runaways, abolitionists, commoners, and dreamers who no longer live as obedient or merely resistant subjects. In this innovative, genre- and format-bending publication, Avery F. Gordon, the ?keeper? of the Archive, presents a selection of its documents?original and compelling essays, letters, cultural analyses, images, photographs, conversations, friendship exchanges, and collaborations with various artists. Gordon creatively uses the imaginary of the Archive to explore the utopian elements found in a variety of resistive and defiant activity in the past and in the present, zeroing in on Marxist critical theory and the black radical tradition. Fusing critical theory with creative writing in a historical context, The Hawthorn Archive represents voices from the utopian margins, where fact, fiction, theory, and image converge. Reminiscent of the later fictions of Italo Calvino or Walter Benjamin?s Arcades Project, The Hawthorn Archive is a groundbreaking work that defies strict disciplinary, methodological, and aesthetic boundaries. And like Ghostly Matters: Haunting and the Sociological Imagination, which established Gordon as one of the most influential interdisciplinary scholars of the humanities and social sciences in recent years, it provides a kaleidoscopic analysis of power and effect. The Hawthorn Archive?s experimental format and inventive synthesis of critical theory and creative writing make way for a powerful reconception of what counts as social change and political action, offering creative inspiration and critical tools to artists, activists, scholars across various disciplines, and general readers alike. 606 $aUtopias$vLiterary collections 608 $aElectronic books. 610 $aAnti-Capitalist Struggles. 610 $aArt Writing. 610 $aBlack Radical Tradition. 610 $acritical theory. 610 $apolitical resistance. 610 $autopian. 615 0$aUtopias 676 $a335.02 700 $aGordon$b Avery F.$4aut$4http://id.loc.gov/vocabulary/relators/aut$0527533 801 0$bDE-B1597 801 1$bDE-B1597 906 $aBOOK 912 $a9910478889403321 996 $aThe Hawthorn Archive$92448964 997 $aUNINA LEADER 03593nam 22006852 450 001 9910813956103321 005 20151005020621.0 010 $a1-107-06564-X 010 $a1-107-05599-7 010 $a1-107-05825-2 010 $a1-107-05957-7 010 $a1-139-52197-7 035 $a(CKB)2670000000344008 035 $a(EBL)1182977 035 $a(SSID)ssj0000857532 035 $a(PQKBManifestationID)11510208 035 $a(PQKBTitleCode)TC0000857532 035 $a(PQKBWorkID)10855938 035 $a(PQKB)10294696 035 $a(UkCbUP)CR9781139521970 035 $a(MiAaPQ)EBC1182977 035 $a(Au-PeEL)EBL1182977 035 $a(CaPaEBR)ebr10753008 035 $a(CaONFJC)MIL515091 035 $a(OCoLC)841398528 035 $a(EXLCZ)992670000000344008 100 $a20141103d2013|||| uy| 0 101 0 $aeng 135 $aur||||||||||| 181 $ctxt$2rdacontent 182 $cc$2rdamedia 183 $acr$2rdacarrier 200 14$aThe Arabs of the Ottoman Empire, 1516-1918 $ea social and cultural history /$fBruce Masters, Wesleyan University$b[electronic resource] 210 1$aCambridge :$cCambridge University Press,$d2013. 215 $a1 online resource (xiii, 261 pages) $cdigital, PDF file(s) 300 $aTitle from publisher's bibliographic system (viewed on 05 Oct 2015). 311 $a1-107-61903-3 311 $a1-107-03363-2 320 $aIncludes bibliographical references (p. 233-249) and index. 327 $aMachine generated contents note: 1. The establishment and survival of Ottoman rule in the Arab lands, 1516-1798; 2. Institutions of Ottoman rule; 3. Economy and society in the early modern era; 4. A world of scholars and saints: intellectual life in the Ottoman Arab lands; 5. The empire at war: Napoleon, the Wahhabis, and Mehmed Ali; 6. The Tanzimat and the time of re-Ottomanization; 7. The end of the relationship. 330 $aThe Ottomans ruled much of the Arab World for four centuries. Bruce Masters's work surveys this period, emphasizing the cultural and social changes that occurred against the backdrop of the political realities that Arabs experienced as subjects of the Ottoman sultans. The persistence of Ottoman rule over a vast area for several centuries required that some Arabs collaborate in the imperial enterprise. Masters highlights the role of two social classes that made the empire successful: the Sunni Muslim religious scholars, the ulama, and the urban notables, the acyan. Both groups identified with the Ottoman sultanate and were its firmest backers, although for different reasons. The ulama legitimated the Ottoman state as a righteous Muslim sultanate, while the acyan emerged as the dominant political and economic class in most Arab cities due to their connections to the regime. Together, the two helped to maintain the empire. 606 $aArabs$zTurkey$xHistory 606 $aUlama$zTurkey$xHistory 606 $aElite (Social sciences)$zTurkey$xHistory 606 $aSocial change$zTurkey$xHistory 607 $aTurkey$xHistory$yOttoman Empire, 1288-1918 607 $aTurkey$xIntellectual life 615 0$aArabs$xHistory. 615 0$aUlama$xHistory. 615 0$aElite (Social sciences)$xHistory. 615 0$aSocial change$xHistory. 676 $a305.892/705609034 686 $aHIS026000$2bisacsh 700 $aMasters$b Bruce Alan$f1950-$0645227 801 0$bUkCbUP 801 1$bUkCbUP 906 $aBOOK 912 $a9910813956103321 996 $aThe Arabs of the Ottoman Empire, 1516-1918$94002397 997 $aUNINA